Capitales d'Afrique - Quiz - Statistiques

Statistiques générales
  • Ce quiz a été pris 61 fois
    9 depuis la dernière actualisation
  • Le résultat moyen est 27 sur 56
Statistiques - réponses
Pays Capitale % Correct
Algérie Alger
75%
Madagascar Antananarivo
75%
Mali Bamako
75%
Guinée-Bissau Bissau
75%
Sénégal Dakar
75%
Djibouti Djibouti
75%
Égypte Le Caire
75%
Guinée Équatoriale Malabo
75%
Burkina Faso Ouagadougou
75%
Afrique du Sud (administrative) Pretoria
75%
Maroc Rabat
75%
Sao Tomé-et-Principe Sao Tomé
75%
Tunisie Tunis
75%
Côte d'Ivoire Yamoussoukro
75%
Nigeria Abuja
50%
Ghana Accra
50%
Éthiopie Addis-Abeba
50%
République Centrafricaine Bangui
50%
République du Congo Brazzaville
50%
Guinée Conakry
50%
Rwanda Kigali
50%
République Démocratique du Congo Kinshasa
50%
Afrique du Sud (législative) Le Cap
50%
Gabon Libreville
50%
Togo Lomé
50%
Angola Luanda
50%
Comores Moroni
50%
Kenya Nairobi
50%
Tchad Ndjamena
50%
Niger Niamey
50%
Mauritanie Nouakchott
50%
Maurice Port-Louis
50%
Bénin Porto-Novo
50%
Cap-Vert Praia
50%
Libye Tripoli
50%
Cameroun Yaoundé
50%
Érythrée Asmara
25%
Gambie Banjul
25%
Afrique du Sud (judiciaire) Bloemfontein
25%
Soudan du Sud Djouba
25%
Tanzanie Dodoma
25%
Sierra Leone Freetown
25%
Botswana Gaborone
25%
Burundi Gitega
25%
Zimbabwe Harare
25%
Ouganda Kampala
25%
Soudan Khartoum
25%
Malawi Lilongwe
25%
Zambie Lusaka
25%
Mozambique Maputo
25%
Lesotho Maseru
25%
Eswatini Mbabane
25%
Somalie Mogadiscio
25%
Liberia Monrovia
25%
Seychelles Victoria
25%
Namibie Windhoek
25%
Aucun quiz correspondant
Distribution des résultats
% des personnes avec chaque résultat
Percentile par nombre de réponses
Votre historique - résultats
Vous n’avez pas pris ce quiz depuis la dernière actualisation